Statistics for Croatia

Click here to take the quiz!

General Stats

  • This quiz has been taken 22 times
  • The average score is 5 of 6

Answer Stats

Question Answer % Correct
CapitalZagreb
100%
City where was filmed Game of ThronesDubrovnik
100%
Was part of...... (wich country)Yugoslavia
90%
Biggest islandKrk
90%
How many islands have Croatia (approx.)1000
62%
Haunted island (near Dubrovnik)Lokrum
24%

Score Distribution

Percentile by Number Answered

Percent of People with Each Score

Your Score History

You have not taken this quiz